Datum a čas kvízu

41.5 Celkem bodů Celkový počet nahraných bodů na tomto kvízu bez doplňovacích otázek.
1. Pořadí na kvízu Konečné umístění týmu na tomto kvízu.

Zaznamenané odpovědi

# Otázka Odpověď Body Výsledky
1. Více než dvacet tisíc Čechů se... Black Hawk (UH-60), Čestmír 1
2. Jak se nazývá malá africká zem... Lesotho 1
3. V úterý měl na Netflixu premié... Meghan Markle 1
4. V letošním ročníku soutěže Vis... Kytary.cz 1
5. Minulý týden skončila základní... 1B 2C 3D 4A 1
6. V minulém semestru jsme probír... pobřišnice 1
7. Jak se česky nazývá céva, ozna... dolní dutá žíla 1
8. V tenkém střevu dochází ke kon... klky 1
9. Kterým českým výrazem je pojme... dvanáctník (lze uznat i starší název dvanácterník) 1
10. Tato šedě růžová laločnatá žlá... slinivka břišní, pankreas 1